00629nam a2200205Ia 4500003000400000005001700004008004100021020001800062040001800080041000800098082002100106100001900127245009900146250001200245260004500257300002400302650003400326650002400360650003900384OSt20240511102148.0210716s2014 xx 000 0 und d a9780374534967 cAIMIT LIBRARY aeng a374.22 21bMAYJ aMayer, John D. aPersonal intelligence : bpower of personality and how it shapes our lives /cBy John D Mayer. a1st ed. aNew York :c2014.bScientific American , a268p. ;bPBc22.8cm aWhat is personal intelligence aFeeling information aPersonal intelligence in adulthood